|
|
|
|
| LEADER |
00000nam0a2200000 4500 |
| 001 |
83491 |
| 005 |
20231031100217.0 |
| 035 |
|
|
|a (RuTPU)RU\TPU\book\89764
|
| 090 |
|
|
|a 83491
|
| 100 |
|
|
|a 20051017d1961 m y0rusy50 ca
|
| 101 |
0 |
|
|a rus
|
| 102 |
|
|
|a UN
|
| 105 |
|
|
|a a j 001zy
|
| 200 |
1 |
|
|a Физика и химия полимерных материалов обувного производства
|e учебное пособие
|f Н. К. Барамбойм, В. В. Анохин
|
| 210 |
|
|
|a Киев
|c Гостехиздат УССР
|d 1961
|
| 215 |
|
|
|a 246 с.
|c ил.
|
| 320 |
|
|
|a Библиогр.: с. 242-243
|
| 610 |
1 |
|
|a полимерные материалы
|
| 610 |
1 |
|
|a физика
|
| 610 |
1 |
|
|a химия
|
| 610 |
1 |
|
|a обувное производство
|
| 610 |
1 |
|
|a высокомолекулярные соединения
|
| 610 |
1 |
|
|a каучуки
|
| 610 |
1 |
|
|a полиамиды
|
| 610 |
1 |
|
|a полимеры
|
| 610 |
1 |
|
|a структурирование
|
| 610 |
1 |
|
|a деструкция
|
| 610 |
1 |
|
|a учебные пособия
|
| 675 |
|
|
|a 675(075.8)
|v 3
|
| 700 |
|
1 |
|a Барамбойм
|b Н. К.
|g Николай Константинович
|
| 701 |
|
1 |
|a Анохин
|b В. В.
|g Виктор Васильевич
|
| 801 |
|
1 |
|a RU
|b 63413507
|c 20051017
|g PSBO
|
| 801 |
|
2 |
|a RU
|b 63413507
|c 20171103
|g PSBO
|
| 942 |
|
|
|c BK
|